000 00814nam a2200241 a 4500
001 000045281
005 20231019124540.0
008 150224s2002 cl r 000 f spa d
020 _a9580470162
040 _aDO-SdBNP
_bspa
_cBNPHU
082 _aC863.44
_bG216v
100 _aGARCÍA MARQUEZ, GABRIEL,
_d1927-2014
_973304
245 1 0 _aVivir para contarla /
_cGabriel García Márquez.
260 _aBogotá :
_bNorma,
_c2002.
300 _a579 p. ;
_c24 cm.
590 _aInventariado, 2018/BT
600 0 _aGARCÍA MARQUEZ, GABRIEL,
_d1927-2014
_973304
600 1 4 _aGARCÍA MARQUEZ, GABRIEL,
_y1928-
_xINFANCIA Y JUVENTUD
_973305
650 4 _aAutores colombianos
_ySIGLO XX
_973306
650 4 _aNovela colombiana
_91243
650 4 _aLiteratura colombiana
_91244
910 _aValidado. Control de calidad.MFF
999 _c44770
_d44770